Top Agents 2015 (Record no. 84771)
[ view plain ]
| 000 -LEADER | |
|---|---|
| fixed length control field | 00952cab a22002175a 4500 |
| 001 - CONTROL NUMBER | |
| control field | L159016 |
| 008 - FIXED-LENGTH DATA ELEMENTS--GENERAL INFORMATION | |
| fixed length control field | 151209e20150512xxk 000 0 eng d |
| 035 ## - SYSTEM CONTROL NUMBER | |
| System control number | (Sirsi) u159016 |
| 041 0# - LANGUAGE CODE | |
| Language code of text/sound track or separate title | eng |
| 100 1# - MAIN ENTRY--PERSONAL NAME | |
| Personal name | McClary, Samantha |
| 245 00 - TITLE STATEMENT | |
| Title | Top Agents 2015 |
| 260 ## - PUBLICATION, DISTRIBUTION, ETC. | |
| Date of publication, distribution, etc. | 2015 |
| 490 ## - SERIES STATEMENT | |
| Series statement | Estates Gazette |
| Volume/sequential designation | (1548) 5 December 2015, 58-65(6) |
| 520 ## - SUMMARY, ETC. | |
| Summary, etc. | Looks at the top agents in a booming market. Notes that for the first time in the 18 year history of the survey CBRE has taken the number one spot helped by a 191.5% increase in UK turnover to £891m. Growth drivers for agents included acquisitions and investment fees and the biggest challenges were retaining quality staff and pressure on margins. Further discusses other issues such as consolidation in the industry. |
| 590 ## - LOCAL NOTE (RLIN) | |
| Local note | KA |
| 651 #4 - SUBJECT ADDED ENTRY--GEOGRAPHIC NAME | |
| Geographic name | United Kingdom |
| 690 ## - LOCAL SUBJECT ADDED ENTRY--TOPICAL TERM (OCLC, RLIN) | |
| Topical term or geographic name as entry element | Commercial property |
| 9 (RLIN) | 6227 |
| 690 ## - LOCAL SUBJECT ADDED ENTRY--TOPICAL TERM (OCLC, RLIN) | |
| Topical term or geographic name as entry element | Residential property |
| 9 (RLIN) | 6266 |
| 700 1# - ADDED ENTRY--PERSONAL NAME | |
| Personal name | Wright, Emily |
| 942 ## - ADDED ENTRY ELEMENTS (KOHA) | |
| Suppress in OPAC | 0 |
| Withdrawn status | Lost status | Source of classification or shelving scheme | Damaged status | Not for loan | Home library | Current library | Shelving location | Date acquired | Total Checkouts | Full call number | Barcode | Date last seen | Copy number | Price effective from | Koha item type |
|---|---|---|---|---|---|---|---|---|---|---|---|---|---|---|---|
| Dewey Decimal Classification | London | London | Journal article | 09/12/2015 | L159016 | 159016-1001 | 06/08/2019 | 1 | 06/08/2019 | Journal article |